Statistics for The Most Expensive Premier League Transfers

Click here to take the quiz!

General Stats

  • This quiz has been taken 24 times
  • The average score is 8 of 15

Answer Stats

Fee (€)SeasonDestinationPlayer% Correct
105m16/17Man UnitedPaul Pogba
95%
87m19/20Man UnitedHarry Maguire
95%
84.65m17/18LiverpoolVirgil van Dijk
86%
80m20/21ChelseaKai Havertz
82%
80m19/20ArsenalNicolas Pépé
77%
80m18/19ChelseaKepa
68%
76m15/16Man CityKevin De Bruyne
64%
70m19/20Man CityRodri
41%
67.80m18/19Man CityRiyad Mahrez
41%
65m17/18Man CityAymeric Laporte
41%
84.7m17/18Man UnitedRomelu Lukaku
36%
65m19/20Man CityJoão Cancelo
32%
75m14/15Man UnitedÁngel di María
27%
64m18/19ChelseaChristian Pulisic
23%
66m17/18ChelseaÁlvaro Morata
14%

Score Distribution

Percentile by Number Answered

Percent of People with Each Score

Your Score History

You have not taken this quiz